000 00351nam a2200133Ia 4500
008 151001s9999||||xx |||||||||||||| ||und||
100 _abaker carlas
245 2 _aA Friend in power
250 _a1
260 _bFawcett pub.
260 _c1965
300 _a127
365 _b7
999 _c954280
_d954277